Brincar às escondidas e outras histórias da Mãe Natureza (Registo nº 6117)
[ vista simples ]
| 000 -Etiqueta do registo | |
|---|---|
| Valores | 01137nam a2200241 4500 |
| 010 ## - Número ISBN | |
| ISBN | 9789895576913 |
| 021 ## - Número do Depósito Legal | |
| Número | 302391/09 |
| 100 ## - Dados gerais de processamento | |
| Dados gerais | 20260122d2010 bc|y0pory5003 ba |
| 200 1# - Titulo e menção de responsabilidade | |
| Título próprio | Brincar às escondidas e outras histórias da Mãe Natureza |
| Primeira menção de responsabilidade | Rosário Alçada Araújo, il. Catarina França |
| 210 ## - Publicação | |
| Local de publicação | Alfragide |
| Nome do editor | Gailivro |
| Data de publicação | 2010 |
| 215 ## - Descrição física | |
| Paginação / Volumes | [26] p. |
| Outras indicações físicas | il. |
| Dimensões | 25 cm |
| 330 ## - Sumário ou Resumo | |
| Texto da nota | Da lua de Janeiro à surpresa do Pai Natal, vamos brincar às escondidas com a Mãe Natureza em doze contos brilhantemente escritos por Rosário Alçada Araújo, com magníficas ilustrações de Catarina França.<br/>Os contos, tantos quantos os meses do ano, vão transportando-nos numa viagem mágica pelo mundo encantado da Natureza sempre tão presente e tantas vezes distante do nosso pensamento e da nossa atenção |
| 606 ## - Nome comum usado como assunto | |
| ID Autoridade | 14 |
| Palavra de ordem | Literatura infantil |
| 606 ## - Nome comum usado como assunto | |
| ID Autoridade | 15 |
| Palavra de ordem | Literatura Portuguesa |
| 675 ## - CDU | |
| Notação | 82-93 |
| Edição | BN |
| Língua | por |
| 675 ## - CDU | |
| Notação | 821.134.3 |
| Edição | BN |
| Língua | por |
| 700 ## - Autor principal (pessoa individual) | |
| Apelido | Araújo |
| Nome | Rosário Alçada |
| ID Autoridade | 164 |
| 701 ## - Co-autor principal (pessoa individual) | |
| Apelido | França |
| Nome | Catarina |
| ID Autoridade | 165 |
| 801 #0 - Fonte de origem | |
| País | PT |
| Agência | BMVN |
| Regras de catalogação | RPC |
| 830 ## - Notas gerais do catalogador | |
| Criado por | Ana Caetano |
| Data de criação | 22/01/2026 |
| 990 ## - Elementos KOHA | |
| Tipo de documento | Livro |
| Situação do levantamento | Biblioteca de origem | Código de barras | Cota | Permissão de empréstimo | Tipo de documento | Forma de aquisição |
|---|---|---|---|---|---|---|
| Biblioteca Escola Nº2 Vendas Novas | 1000000109411 | LI POR/ARA | Livro | |||
| Biblioteca Escola Nº2 Vendas Novas | 100000008517 | LI POR/ARA | Livro |